| 000 | 00469cam a2200181ua 4500 | ||
|---|---|---|---|
| 020 | _c21.00 | ||
| 041 |
_aeng _h |
||
| 082 |
_a030.54 _bCLA/EN |
||
| 100 | _aClark, George L . | ||
| 245 |
_aEncyclopaedia of chemistry (Supplement) / _cGeorge L Clark. _hTextual Documents |
||
| 250 |
_a1 / _b. |
||
| 260 |
_aNew York : _bReinhold Publishing Corporation , _c1958. |
||
| 300 | _a330 ; . | ||
| 365 | _a21.00 | ||
| 504 | _a | ||
| 942 | _cBK | ||
| 999 |
_c8980 _d8980 |
||